| 000 | 01253nam a2200397 a 4500 | ||
|---|---|---|---|
| 001 | 22820 | ||
| 003 | SK-KTurca | ||
| 005 | 20260428161101.0 | ||
| 008 | 180927s1996 xo a r 0 slo | ||
| 015 | _aSNBA1996/0701844 | ||
| 020 | _a8071464031 | ||
| 035 | _aSNK000126380 | ||
| 035 | _aurn:nbn:sk:snk-am3h6nn | ||
| 035 | _aurn:nbn:sk:snk-am00cn0d | ||
| 035 | _a7A8C23ED-82C9-491E-B0FE-C3175E042D75 | ||
| 040 |
_aSNK _bslo _cSNK _eAACR2 |
||
| 041 | 0 | _aslo | |
| 044 |
_axo _cSK |
||
| 080 |
_a860-97(087.5) _21981 |
||
| 080 |
_a244 _21981 |
||
| 100 | 1 |
_aPascual, María, _d1933-2011 _4ill |
|
| 245 | 1 |
_aMoja najmilšia biblia _cilustrácie Maria Pascualová ; text Nathalie Brocková ; [preložila Viera Gründlerová] |
|
| 260 |
_aBratislava _bJunior _c1996 |
||
| 300 |
_a162 s. _c26 cm |
||
| 500 | _aIlustr. na tit. strane | ||
| 500 | _aÚdaj o prekl. prevzatý z tiráže | ||
| 650 | 0 | 7 |
_ašpanielska literatúra _2SNK |
| 650 | 0 | 7 |
_abiblické príbehy _2SNK |
| 650 | 0 | 7 |
_aliterárne adaptácie _2SNK |
| 655 | 7 |
_apríručky _2SNK |
|
| 700 | 1 |
_aBrock, Nathalie1 _4aut |
|
| 700 | 1 |
_aGründlerová, Viera, 1938-2018 _4trl |
|
| 911 |
_aKN 1996/07 _b01844 |
||
| 942 |
_2ddc _cKLDE _n0 |
||
| 999 |
_c22820 _d22820 |
||